Statistics for NATO FLAG

Click here to take the quiz!

General Stats

  • This quiz has been taken 27 times
    (24 since last reset)
  • The average score is 21 of 30

Answer Stats

Answer% Correct
france
100%
Netherlands
85%
canada
80%
germany
80%
Italy
80%
spain
80%
albania
75%
belgium
75%
croatia
75%
Estonia
75%
iceland
75%
Luxemburg
75%
north macedonia
75%
poland
75%
portugal
75%
united kingdom
75%
denmark
70%
greece
70%
latvia
70%
norway
70%
romania
70%
turkey
70%
USA
70%
czech republic
65%
hungary
65%
lithuania
60%
slovakia
60%
slovenia
60%
montenegro
55%
luxsembourg
20%

Score Distribution

Percentile by Number Answered

Percent of People with Each Score

Your Score History

You have not taken this quiz since the last reset